Ekonomický rozmer diplomacie a jeho presadzovanie vo vyspelých a rozvinutých ekonomikách diplomová práca

Enregistré dans:
Détails bibliographiques
Auteur principal: Baco, Juraj
Collectivité auteur: Obchodná fakulta EU. Katedra medzinárodného obchodu
Autres auteurs: Knapik, Peter
Format: Livre
Langue:slovaque
Publié: Bratislava 2012
Tags: Ajouter un tag
Pas de tags, Soyez le premier à ajouter un tag!

MARC

LEADER 00000nbm a2200000 4500
001 0157864
005 20170523121827.1
041 0 |a slo 
044 |a SK 
245 1 0 |a Ekonomický rozmer diplomacie a jeho presadzovanie vo vyspelých a rozvinutých ekonomikách  |b diplomová práca  |c Juraj Baco ; školiteľ: Peter Knapik 
264 1 |a Bratislava  |c 2012 
300 |a 79 s. 
100 1 |a Baco, Juraj 
700 1 |a Knapik, Peter 
710 2 |a Obchodná fakulta EU. Katedra medzinárodného obchodu